Prueba de Sinónimos - Estadísticas

Estadísticas generales
  • Esta prueba ha sido intentada 140 veces
  • La puntuación promedio es 10 de 15
Estadísticas de respuestas
Palabra Significado Sinónimo % Correcto
Morado «Dicho de un color: Que está entre el rojo y el azul» Violeta
96%
Distinto «Que no es parecido, que tiene diferentes cualidades» Diferente
93%
Terminar «Poner término a algo» Finalizar
87%
Igual «Que tiene las mismas características que otra persona o cosa en algún aspecto o en todos» Idéntico
87%
Lodo «Mezcla de tierra y agua, especialmente la que resulta de las lluvias en el suelo» Barro
84%
Bailar «Ejecutar movimientos acompasados con el cuerpo, brazos y pies» Danzar
80%
Viejo «Dicho de un ser vivo: De edad avanzada» Anciano
75%
Mendigo «Persona que habitualmente pide limosna» Indigente
58%
Vaca «Hembra del toro, de la que se obtiene principalmente carne y leche» Res
58%
Rabieta «Impaciencia, enfado o enojo grande, especialmente cuando se toma por leve motivo y dura poco» Berrinche
55%
Creyente «Que cree. Apl. especialmente a quien profesa determinada fe religiosa» Religioso
55%
Fidedigno «Digno de fe y crédito» Fehaciente
51%
Abismo «Profundidad grande, imponente y peligrosa» Fosa
48%
Intenso «Que tiene intensidad» Potente
45%
Facilidad «Cualidad de fácil» Simplicidad
45%
No se encontraron pruebas coincidentes
Distribución de puntuación
Porcentaje de gente con cada puntuación
Porcentaje por número respondido
Historial de tus puntuaciones
No has intentado esta prueba.